Pravoslávna vierouka Trojjediný Boh - Stvoriteľ sveta

Bibliographic Details
Main Author: Belejkanič, Imrich, 1953-2014 (Author)
Format: Article
Language:Slovak
Subjects:

MARC

LEADER 00000nab a2200000 a 4500
001 vtls000512430
003 SK-MaSNL
005 20260303003758.0
008 120927c1994 xo 0 slo
015 |a SNBRB19rr/mm-uuuuu 
035 |a CL0512568 
040 |a SNKBUCL  |b slo  |c SNKBUCL  |e AACR2 
041 0 |a slo 
044 |a xo  |c SK 
080 |a 231:281.93  |2 1981 
080 |a 281.93  |2 1981 
100 1 |a Belejkanič, Imrich,  |d 1953-2014  |4 aut  |9 157879 
245 1 0 |a Pravoslávna vierouka  |b Trojjediný Boh - Stvoriteľ sveta  |c Imrich Belejkanič 
500 |a Pokračovanie 
650 0 7 |a Pravoslávna cirkev v Česko-Slovensku  |2 snkbucl  |9 981296 
650 0 7 |a Boh  |2 snkbucl  |9 2070 
655 7 |a články z novín a časopisov  |2 snkbucl  |9 267496 
773 0 |t Odkaz sv. Cyrila a Metoda  |g Roč. 40, č. 3 (1994), s. 71-72 
850 |a Slovenská národná knižnica v Martine  |a MTA001 
852 |a SNK  |b KIS3GCP 
958 |a RK 
992 |a RBX 
999 |c 1574417  |d 1576347